Los acueductos de México en la historia y en el arte (Record no. 217)

MARC details
000 -CABECERA
campo de control de longitud fija 00763nam a2200193 a 4500
001 - NÚMERO DE CONTROL
campo de control BRCA_270
005 - FECHA Y HORA DE LA ÚLTIMA TRANSACCIÓN
campo de control 20190320202936.0
008 - DATOS DE LONGITUD FIJA--INFORMACIÓN GENERAL
campo de control de longitud fija 290508s1949----mx-a---###---#000-0#spa-#
050 #4 - SIGNATURA TOPOGRÁFICA DE LA BIBLIOTECA DEL CONGRESO
Número de clasificación NA4510.A7
Número de documento/Ítem .R66 1949
100 1# - ENTRADA PRINCIPAL--NOMBRE DE PERSONA
Nombre de persona Romero de Terreros y Vinent, Manuel
Títulos y otros términos asociados al nombre Marqués de San Francisco
Fechas asociadas al nombre 1880-1968
9 (RLIN) 903
245 10 - MENCIÓN DE TÍTULO
Título Los acueductos de México en la historia y en el arte
Mención de responsabilidad, etc. Manuel Romero de Terreros ; prólogo de Justino Fernández.
260 ## - PUBLICACIÓN, DISTRIBUCIÓN, ETC.
Lugar de publicación, distribución, etc. México
Nombre del editor, distribuidor, etc. UNAM, Instituto de Investigaciones Estéticas
Fecha de publicación, distribución, etc. 1949
300 ## - DESCRIPCIÓN FÍSICA
Extensión 157 p.
Otras características físicas il., fotografías, planos
Dimensiones 28 cm.
504 ## - NOTA DE BIBLIOGRAFÍA, ETC.
Nota de bibliografía, etc. Bibliografía : p. 155-157
650 14 - PUNTO DE ACCESO ADICIONAL DE MATERIA--TÉRMINO DE MATERIA
Término de materia o nombre geográfico como elemento de entrada Acueductos
Subdivisión general En el arte
Subdivisión geográfica México
9 (RLIN) 904
650 14 - PUNTO DE ACCESO ADICIONAL DE MATERIA--TÉRMINO DE MATERIA
Término de materia o nombre geográfico como elemento de entrada Acueductos
Subdivisión general Historia
Subdivisión geográfica México
9 (RLIN) 905
700 1# - PUNTO DE ACCESO ADICIONAL--NOMBRE DE PERSONA
Nombre de persona Fernández, Justino
9 (RLIN) 906
942 ## - ELEMENTOS DE PUNTO DE ACCESO ADICIONAL (KOHA)
Fuente del sistema de clasificación o colocación Library of Congress Classification
Tipo de ítem Koha Libros
Holdings
Estado de retiro Estado de pérdida Estado dañado No para préstamo Localización permanente Ubicación/localización actual Fecha de adquisición Total de préstamos Signatura topográfica completa Código de barras Fecha visto por última vez Precio válido a partir de Tipo de ítem Koha
El ejemplar forma parte de la colección y puede ser consultado según las políticas vigentes.       Biblioteca del Museo Franz Mayer (Rogerio Casas-Alatriste) Biblioteca del Museo Franz Mayer (Rogerio Casas-Alatriste) 25/06/2008   NA4510.A7 .R66 1949 00328 22/03/2019 22/03/2019 Libros